Científicas : (Record no. 28477)

MARC details
000 -LEADER
campo de control de longitud fija 00710nam a22002297a 4500
001 - NÚMERO DE CONTROL
campo de control 00028451
005 - FECHA Y HORA DE LA ÚLTIMA TRANSACCIÓN
campo de control 20260304114058.0
008 - DATOS DE LONGITUD FIJA--INFORMACIÓN GENERAL
campo de control de longitud fija 260304b ag ||||| |||| 00| 0 spa d
020 ## - NÚMERO INTERNACIONAL ESTÁNDAR DEL LIBRO
Número Internacional Estándar del Libro 9789876292412
040 ## - FUENTE DE CATALOGACIÓN
Centro catalogador/agencia de origen AR-CcCEOS
Lengua de catalogación Español; Castellano
Centro/agencia transcriptor AR-CcCEOS
041 ## - CÓDIGO DE IDIOMA
Código de lengua del texto/banda sonora o título independiente Español; Castellano
080 ## - NÚMERO DE LA CLASIFICACIÓN DECIMAL UNIVERSAL
Número de la Clasificación Decimal Universal 641.5
090 ## - LOCALMENTE ASIGNADO TIPO-LC NÚMERO DE CLASIFICACIÓN (OCLC); NÚMERO DE CLASIFICACIÓN LOCAL (RLIN)
Número cutter local (OCLC) ; Número de libro/Signatura topográfica íntegra, CALL (RLIN) EDE
100 1# - ENTRADA PRINCIPAL--NOMBRE DE PERSONA
Nombre de persona Edelsztein, Valeria
9 (RLIN) 754
245 ## - MENCIÓN DEL TÍTULO
Título Científicas :
Resto del título cocinan, limpian y ganan el premio nobel (y nadie se entera) /
Mención de responsabilidad, etc. Valeria Edelsztein
250 ## - MENCION DE EDICION
Mención de edición 1ª ed.
260 ## - PUBLICACIÓN, DISTRIBUCIÓN, ETC.
Lugar de publicación, distribución, etc. Buenos Aires :
Nombre del editor, distribuidor, etc. Siglo Veintiuno,
Fecha de publicación, distribución, etc. 2013.
300 ## - DESCRIPCIÓN FÍSICA
Extensión 224 p. ;
Dimensiones 24x15 cm.
490 ## - MENCIÓN DE SERIE
Designación de volumen o secuencia Colección Ciencia que ladra... / dirigida por Diego Golombek
655 #0 - TERMINO DE INDIZACIÓN--GENERO/FORMA
Datos o término principal de género/forma historia
Subdivisión de forma ciencia
9 (RLIN) 58
942 ## - ELEMENTOS DE ENTRADA SECUNDARIOS (KOHA)
Fuente de la clasificación o esquema de estantería Clasificación decimal universal
Tipo de ítem Koha Libros
Suprimir en OPAC No
Holdings
Estatus retirado Estado de pérdida Fuente de la clasificación o esquema de estantería Estado de daño No para préstamo Biblioteca de origen Biblioteca actual Fecha de adquisición Número de inventario Total de préstamos Signatura topográfica completa Información codificada de la localización en otra ubicación Colección Código de barras Visto por última vez Fecha del último préstamo Precio de reemplazo Tipo de ítem Koha
    Clasificación decimal universal     Biblioteca Julio Serebrinsky Biblioteca Julio Serebrinsky 04/03/2026 46015 2 641.5 EDE SER 46015 22/04/2026 06/04/2026 04/03/2026 Libros